01225cam a22002771 450000100060000000300080000600500170001400800410003103500190007204000360009104100080012708200200013510000490015524503060020425000120051026000730052230000260059550400200062165000290064165000270067065000290069770000470072670000480077371001120082174000140093312448BD-RjUL20211208235309.0140128r19591956cau 001 0 eng d a(BD-RjUL)12497 aDLC/ICUcICUdDLCdBD-RjULbeng aeng00a590.1bSCP 19591 aSchenk, Edward T.q(Edward Theodore),d1905-10aProcedure in taxonomy :bincluding a reprint in translation of the Règles internationales de la nomenclature zoölogique (International code of zoölogical nomenclature) with titles and notes on the opinions rendered to the present date (1907 to 1956) /cBy Edward T. Schenk and John H. McMasters. a3rd ed. aStanford, Calif.,bStanford University Pressc1956 [reprinted 1959]. avii, 149 p. :c24 cm. aIncludes index. 0aAnimalsvClassification. 0aAnimalsvNomenclature. 0aFossilsxClassification.1 aMcMasters, John H.q(John Herbert),d1908-1 aKeen, A. Myraq(Angeline Myra),d1905-1986.22aInternational Commission on Zoological Nomenclature.tInternational code of zoological nomenclature.f1956.0 aTaxonomy.